| 000 | 00443nam a2200157Ia 4500 | ||
|---|---|---|---|
| 005 | 20250417142310.0 | ||
| 008 | 231217s9999 xx 000 0 und d | ||
| 020 | _a9788178817477 | ||
| 082 | _a658.2 NAI;2 R1 | ||
| 100 | _aNair, P ed.. | ||
| 245 | 0 | _aEducation and health infrastructure : an overview | |
| 260 |
_c2005 _bICFAI Press _aHyderabad |
||
| 300 | _axiv, 226 | ||
| 650 | _aEducation,health,infrastructure,overview | ||
| 942 | _cAA | ||
| 999 |
_c188603 _d188603 |
||